| 000 | 00605nam a22001817a 4500 | ||
|---|---|---|---|
| 005 | 20240526103049.0 | ||
| 008 | 240526b |||||||| |||| 00| 0 eng d | ||
| 020 | _a9782745162199 | ||
| 040 | _c. | ||
| 050 | _a401 A591 2018 | ||
| 082 | _2ط1 | ||
| 100 | _aالعسكري، ابي الهلال الحسن بن عبدالله بن سهل | ||
| 245 |
_aالفروق اللغوية: _b/ _cابي الهلال الحسن بن عبدالله بن سهل العسكري |
||
| 250 | _aط1 | ||
| 260 |
_aبيروت _bدار الكتب العلمية _c2018 |
||
| 650 | _zاللغويات | ||
| 942 |
_2ddc _cBK _n0 |
||
| 999 |
_c6837 _d6837 |
||